| 000 | 00581nam a2200181Ia 4500 | ||
|---|---|---|---|
| 008 | 100920s9999 xx 000 0 und d | ||
| 082 |
_b99819 _a24 थ 95 |
||
| 100 | _aआठलेकर मंगला. | ||
| 245 | _aजयवंत दळवीं विषयी. | ||
| 260 |
_bराजहंस, पुणे. _c1995 |
||
| 300 |
_a299 _bसाधी |
||
| 365 | _b180 | ||
| 520 | _aसायो. | ||
| 630 | _aजयवंत दळवीं विषयी. | ||
| 650 | _aसायो. | ||
| 730 | _aजयवंत दळवीं विषयी. | ||
| 942 | _cBOOK | ||
| 999 |
_c740257 _d740254 |
||